Linguagem, mito e religião (Registo nº 29657)

Detalhes MARC
000 -Etiqueta do registo
Valores 00711cam a22002771 4500
035 ## -
-- (porbase)74122
090 ## -
-- 29657
095 ## -
-- PTBN00076601
100 ## - Dados gerais de processamento
Dados gerais 19760401d1976 m y0pory5003 ba
101 1# - Língua de publicação
-- por
-- ger
102 ## - País de publicação
-- PT
200 1# - Titulo e menção de responsabilidade
Título próprio Linguagem, mito e religião
Primeira menção de responsabilidade Ernest Cassier
Outras menções de responsabilidade trad. Rui Reininho
210 ## - Publicação
Local de publicação Lisboa
Nome do editor Rés,
Data de publicação 1976
215 ## - Descrição física 
Paginação / Volumes 164, [1] p.
Dimensões 19 cm
225 2# - Colecção 
Título próprio da colecção Substância
Indicação de volume 5
304 ## - Nota relativa ao título
Texto de nota Tít. orig. : Sprache und mythos
675 ## - CDU
Língua por
675 ## - CDU
Notação 13
Edição med
Língua por
700 #1 - Autor principal (pessoa individual)
Apelido Cassier,
Nome Ernst
702 #1 - Autor secundário (pessoa individual)
Apelido Reininho,
Nome Rui,
Datas 1955-
-- 730
801 #0 - Fonte de origem
País PT
Agência BN
Regras de catalogação RPC
930 ## -
-- BECRE
998 ## -
-- CR178 - 00197
990 ## - Elementos KOHA
Tipo de documento Livro
995 ## - Localização e informação dos exemplares
-- 18
Exemplares
Situação do levantamento Estado Biblioteca de origem Biblioteca de empréstimo Código de barras Cota Permissão de empréstimo Tipo de documento
  Completo Biblioteca da Escola Básica e Secundária Dr Isidoro de Sousa Biblioteca da Escola Básica e Secundária Dr Isidoro de Sousa 2292EV 13 CAS Disponível Livro




Powered by Koha